000 00635nam a2200241 i 4500
001 C2-0076080
003 PPAK
005 20180727081934.0
008 970429s1981 mau |||| ||||| | eng d
020 _a0884108279
040 _aPPAK
_beng
_cPPAK
_erda
082 0 4 _a363.5
_223
090 0 0 _a363.5
_bHOU
_dG
245 0 0 _aHousing and public policy
264 1 _aMassachusetts :
_bBallinger Pub. ,
_c1981
300 _axii, 131 pages ;
_c22 cm
336 _2rdacontent
_atext
337 _2rdamedia
_aunmediated
338 _2rdacarrier
_avolume
650 1 0 _aHousing policy - United States
700 _eauthor
942 _ddc
_cB
999 _c11643
_d11643